| 000 | 01634nam a22004217a 4500 | ||
|---|---|---|---|
| 003 | CHAP | ||
| 005 | 20220817044140.0 | ||
| 008 | 070131d2001 mx r 00010 spa d | ||
| 010 | _a93275 | ||
| 011 | _a94247 | ||
| 020 | _a9707200278 | ||
| 035 | _a104832 | ||
| 040 | _cCHAP | ||
| 090 | _aFolleto 17192 | ||
| 110 | 2 | _aMéxico. Presidencia de la República | |
| 245 | 1 | 0 |
_aDiscurso del Presidente de la República, Vicente Fox, durante la Presentación de Proyectos de Inversión Turística el 21 de agosto de 2001, México, D.F. _c/por Presidencia de la República |
| 260 |
_aMéxico, D.F. : _bPresidencia de la República. Coordinación General de Opinión Pública e Imágen, _c2001. |
||
| 300 | _a11 p. | ||
| 590 |
_aBATCH-UPD _b10 _c20130110 _lUCH01 _h0424 |
||
| 590 |
_aBATCH-UPD _b10 _c20130410 _lUCH01 _h0058 |
||
| 590 |
_aBATCH-UPD _b10 _c20130914 _lUCH01 _h1152 |
||
| 590 |
_aBATCH-UPD _b10 _c20161124 _lUCH01 _h1713 |
||
| 590 |
_aCONVERSION _b10 _c20130109 _lUCH01 _h1352 |
||
| 650 | 1 | 4 | _aDesarrollo económico. |
| 650 | 1 | 4 |
_aDesarrollo social _zMéxico. _932080 |
| 650 | 1 | 4 |
_aInversiones. _960178 |
| 650 | 1 | 4 |
_aMéxico _xDiscursos, ensayos y conferencias. _976740 |
| 650 | 1 | 4 |
_aPolítica económica _zMéxico. _990535 |
| 650 | 1 | 4 |
_aPolítica social _zMéxico. |
| 650 | 1 | 4 |
_aProyectos de desarrollo. _992528 |
| 650 | 1 | 4 |
_aTurismo _xDiscursos, ensayos y conferencias. _9115609 |
| 650 | 1 | 4 |
_aTurismo _zMéxico. _9115619 |
| 651 | 4 |
_aMéxico _xPolítica y gobierno. _976783 |
|
| 901 | _aBK | ||
| 905 | _aMarco A. Mendoza T. | ||
| 942 | _cFOLL | ||
| 949 |
_aFolleto 17192 _bBC _cFOLL _d33724002012736 _eTS1 _gDonaciØn _i104832 _sb |
||
| 999 |
_c93275 _d93275 |
||